| 000 | 00681nam a22002295i 4500 | ||
|---|---|---|---|
| 001 | 10883 | ||
| 003 | ES-MaACL | ||
| 005 | 20250911062822.0 | ||
| 007 | t| | ||
| 008 | 930121s1992 sp ||||0| spa j | ||
| 020 | _a84-7522-295-1 | ||
| 040 |
_aM-BN _bspa _cM-BN |
||
| 080 | _a860-14"19" | ||
| 100 | 1 |
_aBenítez Reyes, Felipe, _d1960- _927647 |
|
| 245 | 1 | 0 |
_aSombras particulares _b: (1988-1991) / _cFelipe Benítez Reyes. |
| 260 |
_aMadrid : _bVisor Libros, _c1992. |
||
| 300 |
_a43 p ; _c20 cm. |
||
| 490 | 1 |
_aColección Visor de poesía ; _v295 |
|
| 830 | 0 |
_aColección Visor de poesía _v295 _9177331 |
|
| 852 |
_aES-MaACL _j2149-F-13 _bR.121907 |
||
| 999 |
_c10883 _d10883 |
||